[Lexikologie und Lexikografie - Aktuelle Entwicklungen und Herausforderungen. Aussiger Beiträge. Germanistische Schriftenreihe aus Forschung und Lehre 7]

Saved in:
Bibliographic Details
Main Author: Téreková, Soňa, 1981-
Format: Book Chapter
Language:German
Subjects:
Tags: Add Tag
No Tags, Be the first to tag this record!

MARC

LEADER 00000naa a2200000 4500
001 0192100
005 20240502073225.4
041 0 |a ger 
044 |a SK 
245 1 0 |a [Lexikologie und Lexikografie - Aktuelle Entwicklungen und Herausforderungen. Aussiger Beiträge. Germanistische Schriftenreihe aus Forschung und Lehre 7]  |c Soňa Tereková 
500 |a Recenzia 
610 2 0 |a jazykoveda 
610 2 0 |a jazyky cudzie 
610 2 0 |a nemčina 
610 2 0 |a recenzie 
100 1 |a Téreková, Soňa, 1981-